=LDR 00000nam 2200000 4500 =001 INLIS000000000033862 =005 20130612135808 =008 ***********************************ind** =035 ##$$0010-061300000033862 =041 ##$$a ind =082 ##$$a 729 =090 ##$$a 729, Ira p =100 ##$$a Irawan, yanto =245 ##$$a panduan membangun rumah , Disain, analisis harga, dan rencana anggaran biaya, Yanto irawan =260 ##$$a 2008 $b Jakarta =300 ##$$a viii, 104 hlm, ilus, 22 cm =650 ##$$a Arsitektur - Desain dan perencanaan =850 ##$$a NBPNMAT =990 ##$$a 92322/BPAP-NTB/2014 =990 ##$$a 0001/BPAP-NTB/20142015 =990 ##$$a 0165/BPAP-NTB/2015